<Ein> Event ist ein Event ist ein Event ... <Ein> Beitrag zur Verstädigung.
Analýza pojmu Event-marketing. Sponzoring veľkých a osobitných udalostí pre dosiahnutie marketingových cieľov. Využitie zážitkovo orientovanej komunikácie v marketingu. Dôraz na jedinečnosť zážitku spojeného s jedinečnou udalosťou.
Uložené v:
| Hlavný autor: | |
|---|---|
| Médium: | Kapitola |
| Jazyk: | German |
| Predmet: | |
| Tagy: |
Žiadne tagy, Buďte prvý, kto otaguje tento záznam!
|
MARC
| LEADER | 00000naa a2200000 4500 | ||
|---|---|---|---|
| 001 | r009772 | ||
| 005 | 20221208122830.4 | ||
| 041 | 0 | |a ger | |
| 044 | |a DE | ||
| 245 | 1 | 0 | |a <Ein> Event ist ein Event ist ein Event ... |b <Ein> Beitrag zur Verstädigung. |c P. Böhme-Köst |
| 520 | |a Analýza pojmu Event-marketing. Sponzoring veľkých a osobitných udalostí pre dosiahnutie marketingových cieľov. Využitie zážitkovo orientovanej komunikácie v marketingu. Dôraz na jedinečnosť zážitku spojeného s jedinečnou udalosťou. | ||
| 610 | 2 | 0 | |a marketing |
| 610 | 2 | 0 | |a pojmy |
| 610 | 2 | 0 | |a komunikácia |
| 610 | 2 | 0 | |a psychológia |
| 100 | 1 | |a Böhme-Köst, P. | |